Ulusaşırı kimlikler : (Record no. 12726)

MARC details
000 -BAŞLIK
Sabit Uzunlukta Kontrol Alanı 00822nam a22002297a 4500
999 ## - SİSTEM KONTROL NUMARALARI (KOHA)
Koha Biblionumber 12726
Koha Biblioitemnumber 12726
003 - KONTROL NUMARASI IDENTIFIER
Denetim Alanı MIRAKIL
005 - SON İŞLEM TARİHİ VE ZAMANI
Denetim Alanı 20190211141921.0
008 - SABİT-BOY VERİ ELEMANLARI - GENEL BİLGİLER
Sabit Uzunlukta Kontrol Alanı 190211b tu ||||| |||| 00| 0 tur d
020 ## - ULUSLARARASI STANDART KİTAP NUMARASI
Uluslararası Standart Kitap Numarası 9786053994442
040 ## - KATALOGLAMA KAYNAK
Orijinal Kataloglama Ajansı TR-AnCHP
Metne Dönüştürmek Ajansı TR-AnCHP
041 ## - DİL KODU
Metin / Ses Parça Veya Ayrı Başlığın Dil Kodu tur
082 ## - DEWEY ONLU SINIFLANDIRMA NUMARASI
Sınıflandırma Numarası 304.84210561
Ürün Numarası Ş55u 2016
100 ## - ANA GİRİŞ - KİŞİSEL İSİM
Kişisel Ad Şimşek, Doğuş
245 10 - BAŞLIK TABLOSU
Başlık Ulusaşırı kimlikler :
Başlığın Kalan Londra'da Kıbrıslı Türk, Kürt ve Türk göçmen çocukları /
Sorumluluk Tablosu, Vb Doğuş Şimşek
260 ## - YAYIN, DAĞITIM, VB
Yayın, Dağıtım, Vb Yeri İstanbul:
Yayıncı, Dağıtıcı, Vs Adı İstanbul Bilgi Üniversitesi Yayınları,
Yayın, Dağıtım, Vb Tarihi 2016.
300 ## - FİZİKSEL TANIM
Kapsam 151 s.:
Boyutlar 23 sm.
490 0# - SERİSİ TABLOSU
Seri Beyanı İstanbul Bilgi Üniversitesi Yayınları;
-- Göç çalışmaları ;
Hacim / Ardışık Tanımı 552.
-- 22.
504 ## - KAYNAKÇA VB NOT
Kaynakça Vb Notu Kaynakça ve dizin vardır.
650 #0 - KONU KATMA GİRİŞ - TOPİKAL DÖNEM
9 (RLIN) 453
Topikal Süreli Veya Coğrafi Ad Giriş Elemanı Göç, uluslararası
Genel Alt Bölümü Avrupa
650 #0 - KONU KATMA GİRİŞ - TOPİKAL DÖNEM
9 (RLIN) 456
Topikal Süreli Veya Coğrafi Ad Giriş Elemanı Göçmenler
Coğrafi Alt Bölümü İngiltere, Londra
942 ## - EKLENDİ GİRİŞ ELEMANLARI (KOHA)
Sınıflandırma Veya Raf Düzeni Kaynak Dewey Decimal Classification
Koha Öğesi Türü Books
Holdings
Kalıcı Konum Mevcut Konum Edinme Tarihi Edinim Kaynak Toplam Check-Out'Lar Tam Çağrı Numarası Barkod Tarih Son Görülme İtibaren Geçerli Fiyatlar Sigara Kamu Notu Koha Öğesi Türü
CHP Kütüphanesi CHP Kütüphanesi 02/11/2019 Bağış   304.84210561 Ş55u 2016 018836 02/11/2019 02/11/2019 Kemal Kılıçdaroğlu bağışıdır. Books